000 01156nas a2200289 454500
001 45979
005 20260407193511.0
008 260407s1999####ag###########|||spa#d
003 AR-UNSa-BCEJYS
040 _aAR-UNSa-BCEJYS
_bspa
_cAR-UNSa-BCEJYS
080 _a338
_xSituación económica. Política económica. Gestión de la economía. Planificación de la economía. Producción. Servicios. Precios
245 1 0 _aSerie Manuales
022 _a1680-886X
264 1 _aSantiago de Chile :
_bCEPAL (Comisión Económica para América Latina y el Caribe)
_c1999
310 _aFrecuencia: Irregular
041 _aspa
942 _cSER
590 _aniveau_biblio:s niveau_hierar:1
100 1 _aNaciones Unidas. Comisión Económica para América Latina y el Caribe (CEPAL)
700 1 _aInstituto Latinoamericano y del Caribe de Planificación Económica y Social (ILPES)
650 _aADMINISTRACION PUBLICA
650 _aEvaluación de proyecto
650 _aPolítica social
650 _aMacroeconomía
650 _aPolítica fiscal
856 4 1 _uhttps://www.biblioeco.unsa.edu.ar/pmb/images/revistas/R21821.jpg
_yImagen de portada
_qimage/jpeg
999 _c8938
_d8938